000 009570000a22002650004500
003 LK-CoMWRAF
008 230817t1997 ||||| |||| 00| 0 eng d
020 _a0195641795
040 _aLK-CoMWRAF
_dLK-CoMWRAF
_eLK-CoMWRAF
041 _aeng
082 _a305.4
_bFEM
111 _aFEMININITY, THE FEMALE BODY AND SEXUALITY IN CONTEMPORARY SOCIETY
_c(Nehru memorial museum and library, New Delhi,
_dNovember 1994)
245 _aEmbodiment:
_bessays on gender and identity
260 _aDelhi:
_bOxford University press,
_c1997
300 _a xiii, 340 p. ; 22 cm.
_bBibliography and index included
650 _aGENDER IDENTITY-India--Congresses.
650 _aHuman body--Social aspects--India
650 _a Sex role--India
650 _aIndia--Religious life and customs
650 _a Women -Cross-cultural studies
650 _aFeminism
650 _aWomen -- Social conditions
700 _aThapan, Meenakshi
_eed.
942 _cCP
999 _c1825
_d1825